Les Syndicats Agrícoles de Catalogne á l'Exposition de la Cooperation et Oeuvres Sociales de Gand
Descripción Física:
[8] p. . il., 1 f. pleg. ; 21 cm
MARC
| LEADER | 00000nam a2200000Ia 4500 | ||
|---|---|---|---|
| 001 | 10991 | ||
| 008 | 160829s1924 xx 000 0 cat d | ||
| 080 | |a RF-7-54 | ||
| 245 | |a Les Syndicats Agrícoles de Catalogne á l'Exposition de la Cooperation et Oeuvres Sociales de Gand | ||
| 260 | |a [s.l.] : |b Mancomunité de Catalogne, |c 1924 | ||
| 300 | |a [8] p. . il., 1 f. pleg. ; |c 21 cm | ||
| 650 | |a Treballadors agrícoles |x Sindicats |x Catalunya |9 38118 | ||
| 710 | 2 | |a Catalunya. |b Mancomunitat |9 53015 | |
| 856 | 4 | |u https://media.diba.cat/diba/fitxers/arxiu/fulletons/bib_10991_1924_baixa.pdf |y Accés lliure | |
| 856 | 4 | |u https://media.diba.cat/diba/fitxers/arxiu/fulletons/bib_10991_1924_baixa.pdf |y Accés lliure | |
| 901 | |a Arxiu | ||
| 942 | |n 1 |2 udc | ||
| 952 | |0 0 |1 0 |4 0 |6 RF754 |7 1 |9 48272 |a Arxiu |b Arxiu |d 2016-12-01 |l 0 |o RF-7-54 |p 10991 |r 2016-12-01 00:00:00 |w 2016-12-01 |y ARXIU | ||
| 999 | |c 52078 |d 52078 | ||
| 900 | |a bib_10991_1924_baixa.pdf | ||